000 00423nam a22001457a 4500
999 _c12836
_d12836
008 210610b ||||| |||| 00| 0 eng d
020 _a9280112848
082 0 0 _a628.92
_bI339
110 _976
_aInternational Maritime Organization
245 1 0 _aFire test procedures /
260 _aLondon:
_bInternational Maritime Organization
_c1993.
300 _av, 166 p.
650 0 _aShips-- Fires and Fire Prevention
942 _cBK